000 02818nam0a2200457 i 4500
001 RU\NLR\BIBL_A\011264005
005 20260405132349.0
010 _a9785946552936
_91000
021 _aRU
_b2016-82591
_95393
035 _a(NILC)LIBNET\0000692730
035 _a(NLR Aleph) 011264005
090 _a12232890
_c12232890
100 _a20161109d2016 u y0rusy50 ca
101 0 _arus
102 _aRU
105 _aha||b||||11zy
200 1 _aБиблиотека Карамзиных в собрании отдела редких книг и рукописей Ульяновской областной научной библиотеки имени В. И. Ленина
_eкаталог
_fМ-во искусства и культ. политики Ульян. обл., ОГБУК "Дворец книги - Ульян. областная науч. б-ка имени В. И. Ленина"
_g[сост. Л. Ю. Ивашкина, В. В. Морозова
_gавт. предисл. В. В. Морозова]
210 _aУльяновск
_cКорпорация технологий продвижения
_d2016
215 _a272 с.
_cил., факс.
_d25
300 _aК 250-летию со дня рождения Н. М. Карамзина
320 _aБиблиогр. в подстроч. примеч.
320 _aУказатели: с. 260-270
600 1 _aКарамзин
_bН. М.
_f1766 - 1826
_gНиколай Михайлович
_jКаталоги
_xБиблиотека
_92308540
_3RU\NLR\AUTH\6601607623
601 0 2 _aДворец книги - Ульяновская областная научная библиотека им. В. И. Ленина
_bОтдел редких книг и рукописей
_jКаталоги
_92230625
_3RU\NLR\AUTH\6601571381
606 1 _aКниги
_xСобрания библиотек
_yУльяновск, город
_92308529
_3RU\NLR\AUTH\6601607618
675 _a025.2
686 _a78.368.4я1
_vLBC/RL
_2rubbk
686 1 _aЧ734(2Р-4Ул-2У)711.24я18
686 1 _aЧ734(28)729.8я18
686 1 _aЯ181(2Р-4Ул-2У)2
686 2 _aШ5(2=Р)51-4Карамзин29
702 1 _aИвашкина
_bЛ. Ю.
_gЛюдмила Юрьевна
_4220
702 1 _4220
_7ca
_8rus
_aМорозова
_bВ. В.
_cбиблиотекарь
_gВенера Вениаминовна
_936152
_3RU\NLR\AUTH\7753219
711 0 2 _aДворец книги - Ульяновская областная научная библиотека им. В. И. Ленина
_bОтдел редких книг и рукописей
_9460055
_3RU\NLR\AUTH\880396724
942 _cBOOK
980 _aNBR